000 00319nam a2200133Ia 4500
008 191201s2009 xx 000 0 und d
082 _a005.133
_bSCC
100 _aSchildt, Herbert
245 0 _aComplete reference Java 3
260 _aN. delhi
_bTMH
_c2009
300 _a1096
650 _aB.Tech(CSE)
942 _2ddc
_cBK
999 _c3509
_d3509